My big book of : colours & shapes
| Other Authors: | |
|---|---|
| Format: | Book |
| Published: |
New Delhi :
Dreamland
|
| Subjects: |
MARC
| LEADER | 00000cam a2200000 7i4500 | ||
|---|---|---|---|
| 001 | 0000006035 | ||
| 005 | 20220105104016.0 | ||
| 008 | 070814 | ||
| 020 | |a 8173010927 | ||
| 090 | 0 | 0 | |a JP |b EL ENG (5881) |
| 245 | 0 | 0 | |a My big book of : |b colours & shapes |c compiled by Anuj Chawla |
| 260 | |a New Delhi : |b Dreamland | ||
| 500 | |a Children age 4-6 years old (yellow) | ||
| 650 | 0 | |a Early learning | |
| 650 | 0 | |a Junior preschool |x English |x Languages | |
| 700 | 0 | |a Anuj Chawla | |
| 999 | |a 0000981605 |b Book |c Children Collection |e Perbadanan Perpustakaan Awam Johor | ||